| 000 | 00417nam a2200181Ia 4500 | ||
|---|---|---|---|
| 005 | 20250603144702.0 | ||
| 008 | 250603s9999 xx 000 0 und d | ||
| 020 | _a9788131761137 | ||
| 050 | _aJF 51 .A46/ | ||
| 100 | _aAlmond, Gabriel A. | ||
| 245 | 0 | _aComparative politics today: a world view | |
| 260 | _aIndia | ||
| 260 | _bPearson | ||
| 260 | _c2011 | ||
| 300 | _a767 p | ||
| 650 | _aIndia | ||
| 942 | _cBK | ||
| 999 |
_c39648 _d39648 |
||